000 01889nam0a2200373 4500
001 RU\NLR\BIBL_A\011199233
005 20260406082429.0
010 _a978-5-91103-292-0
021 _aRU
_b2016-60341
_93830
035 _a(NILC)RuMoRGB-008568796
035 _a(NLR Aleph) 011199233
090 _a11911255
_c11911255
100 _a20160823d2016 |||y0rusy50 ca
101 1 _arus
_ceng
102 _aRU
105 _ay z 000zy
200 1 _aУТЦ и другие истории из мира искусств
_e[роман, рассказы и эссе разных лет]
_fБрюс Чатвин
_g[пер. с англ. Анна Асланян и Дмитрий Веденяпин
_gсост., послесл. и примеч. Михаил Котомин]
210 _aМосква
_cАд Маргинем Пресс
_cGarage
_d2016
215 _a431 с.
_d20
320 _aБиблиогр. в примеч.: с. 412-431
327 0 _aСодерж.: Мораль вещей; Утц; Георгий Костаки. История советского коллекционера; Джордж Ортис; Волга; Надежда Мандельштам. Визит; Мадлен Вионне; Говард Ходжкин; Андре Мольро; Собственность Максимилиана Тода [и др.]
600 1 _aЧатвин
_bБ.
_f1940 - 1989
_gБрюс
_jСборники
_92300930
_3RU\NLR\AUTH\6601604096
675 _a821.111
686 1 _aШ6(4Вл)67-46{Лх1299-100/140}
686 1 _aЩ10г(4Вл)6дЧатвин я44
700 1 _7ca
_8rus
_aЧатвин
_bБ.
_f1940-1989
_gБрюс
_3RU\NLR\AUTH\770277150
_92649117
801 0 _aRU
_bРГБ
_c20160803
_gRCR
801 2 _aRU
_bРГБ
_c20160808
_grcr
942 _cBOOK
980 _aNBR
980 _aNB